| 000 | 00543nam a2200157 i 4500 | ||
|---|---|---|---|
| 001 | 63372 | ||
| 003 | ES-MaACL | ||
| 005 | 20230906164838.0 | ||
| 007 | t| | ||
| 008 | 031209s1914 sp ||||1| spa d | ||
| 100 | 1 |
_aFerraz Revenga, Ricardo. _950348 |
|
| 245 | 1 | 3 |
_aEl encanto de la montaƱa _b: cuento / _cRicardo Ferraz Revenga. |
| 260 |
_aMadrid : _b[s.n.], _c1914 ( _fEst. Tip. de El Liberal) |
||
| 300 |
_a40 p. ; _c18 cm. |
||
| 852 |
_aES-MaACL _jT-1405-F-4 _z.- Ded. ms. del autor _z.- Enc. en un vol. facticio conservando la cub. original |
||
| 999 |
_c63372 _d63372 |
||